|
|
|
|
| LEADER |
00000nam0a2200000 4500 |
| 001 |
37212 |
| 005 |
20240117120150.0 |
| 010 |
|
|
|a 5936291057
|
| 035 |
|
|
|a (RuTPU)RU\TPU\book\37770
|
| 090 |
|
|
|a 37212
|
| 100 |
|
|
|a 20011226d2001 km y0rusy50 ca
|
| 101 |
0 |
|
|a rus
|
| 102 |
|
|
|a RU
|
| 105 |
|
|
|a a z 001zy
|
| 200 |
1 |
|
|a Автономное электроснабжение от микрогидроэлектростанций
|f Б. В. Лукутин, С. Г. Обухов, Е. Б. Шандарова
|
| 210 |
|
|
|a Томск
|c STT
|d 2001
|
| 215 |
|
|
|a 120 c.
|c ил.
|
| 320 |
|
|
|a Библиогр.: с. 115-117.
|
| 610 |
1 |
|
|a электрические станции
|
| 610 |
1 |
|
|a микрогидроэлектростанции
|
| 610 |
1 |
|
|a микроГЭС
|
| 610 |
1 |
|
|a электроснабжение
|
| 610 |
1 |
|
|a электроэнергия
|
| 610 |
1 |
|
|a генерирование
|
| 610 |
1 |
|
|a стабилизация
|
| 610 |
1 |
|
|a переходные режимы
|
| 610 |
1 |
|
|a локальные сети
|
| 610 |
1 |
|
|a электрические сети
|
| 610 |
1 |
|
|a труды учёных ТПУ
|
| 675 |
|
|
|a 621.311.21
|v 3
|
| 700 |
|
1 |
|a Лукутин
|b Б. В.
|c специалист в области электротехники
|c профессор Томского политехнического университета, доктор технических наук
|f 1948-
|g Борис Владимирович
|3 (RuTPU)RU\TPU\pers\21974
|9 9293
|
| 701 |
|
1 |
|a Обухов
|b С. Г.
|c специалист в области электроэнергетики
|c профессор Томского политехнического университета, доктор технических наук
|f 1963-
|g Сергей Геннадьевич
|3 (RuTPU)RU\TPU\pers\26337
|9 12090
|
| 701 |
|
1 |
|a Шандарова
|b Е. Б.
|c специалист в области электротехники
|c доцент Томского политехнического университета, кандидат технических наук
|f 1971-
|g Елена Борисовна
|3 (RuTPU)RU\TPU\pers\26024
|9 11871
|
| 801 |
|
1 |
|a RU
|b 63413507
|c 20011226
|g PSBO
|
| 801 |
|
2 |
|a RU
|b 63413507
|c 20201014
|g PSBO
|
| 942 |
|
|
|c BK
|